The art of communication : (Record no. 145203)

MARC details
000 -LEADER
fixed length control field 00802nam a22002177a 4500
005 - DATE AND TIME OF LATEST TRANSACTION
control field 20180611145605.0
010 ## - LCCN (DPL NO)
LC control number 1718EN-30 ENG-121696 B-688121-122
020 ## - INTERNATIONAL STANDARD BOOK NUMBER
International Standard Book Number 9788184959925
Terms of availability 299.00
035 ## - SYSTEM CONTROL NUMBER
System control number EN-105228
035 ## - SYSTEM CONTROL NUMBER
System control number B-688121-122
037 ## - SOURCE OF ACQUISITION
Source of stock number/acquisition AKPD
Stock number dpl
037 ## - SOURCE OF ACQUISITION
Source of stock number/acquisition DBAD/PUB
082 ## - DEWEY DECIMAL CLASSIFICATION NUMBER
Classification number 153.6
100 ## - MAIN ENTRY--PERSONAL NAME
Personal name Stovall, Jim
245 ## - TITLE STATEMENT
Title The art of communication :
Statement of responsibility, etc by Jim Stovall
Remainder of title your competitive edge /
260 ## - PUBLICATION, DISTRIBUTION, ETC. (IMPRINT)
Place of publication, distribution, etc Mumbai
Name of publisher, distributor, etc Jaico Pub.
Date of publication, distribution, etc 2017
270 ## - ADDRESS
Address A-2 Jash Chambers, 7-A Sir Phirozshah Mehta Raod,
City Mumbai
Postal code 400001
300 ## - PHYSICAL DESCRIPTION
Extent 187p.
Dimensions 19cm(pbk)
942 ## - ADDED ENTRY ELEMENTS (KOHA)
Source of classification or shelving scheme Dewey Decimal Classification
Item type English Books
Call number suffix STO
Classification part 153.6
Holdings
Withdrawn status Lost status Not for loan Collection code Home library Current library Date acquired Source of acquisition Cost, normal purchase price Full call number Barcode Copy number Cost, replacement price Koha item type
      Non-fiction Ashok Vihar Ashok Vihar 11/06/2018 AKPD –A-38/28.11.17/632/20.11.17/13.1.18 299.00 153.6 STO B-688122 1 299.00 English Books
    Not For Loan Non-fiction D.B.Act.Division Bawana 18/12/2017 DBAD/PUB 299.00 153.6 STO EN-105228 1 299.00 English Books
      Non-fiction Central Library Central Library 11/06/2018 AKPD –A-38/28.11.17/632/20.11.17/13.1.18 299.00 153.6 STO B-688121 1 299.00 English Books

© Delhi Public Library
Hit Counter
free hit counter